| 000 | 01038cam a22003253a 4500 | ||
|---|---|---|---|
| 001 | 36508 | ||
| 003 | PGUSA | ||
| 005 | 20140828083805.0 | ||
| 008 | 110624s2011||||xxu|||||s|||||000 p eng d | ||
| 040 |
_aPGUSA _beng |
||
| 042 | _adc | ||
| 050 | 4 | _aPN | |
| 245 | 1 | 0 |
_aEight Harvard Poets _h[electronic resource] |
| 260 |
_bProject Gutenberg, _c2011 |
||
| 506 | _aPublic domain in the USA. | ||
| 516 | _aElectronic text | ||
| 653 | _aCollege verse, American -- Massachusetts -- Cambridge | ||
| 653 | _aAmerican poetry -- 20th century | ||
| 700 | 1 |
_aPoore, Dudley, _d1893-1982 |
|
| 700 | 1 |
_aNorris, William A., _d1896-1964 |
|
| 700 | 1 |
_aDos Passos, John, _d1896-1970 |
|
| 700 | 1 |
_aHillyer, Robert, _d1895-1961 |
|
| 700 | 1 |
_aWright, Cuthbert, _d1891-1948 |
|
| 700 | 1 |
_aDamon, S. Foster _q(Samuel Foster), _d1893-1971 |
|
| 700 | 1 |
_aMitchell, Stewart, _d1892-1957 |
|
| 700 | 1 |
_aCummings, E. E. _q(Edward Estlin), _d1894-1962 |
|
| 830 | 0 |
_aProject Gutenberg _v36508 |
|
| 856 | 4 | 0 | _uhttp://www.gutenberg.org/ebooks/36508 |
| 942 | _cEB | ||
| 999 |
_c265763 _d265763 |
||